[Event "Gabicce Mare op 1st"]
[Site "Gabicce Mare"]
[Date "2013.01.04"]
[Round "5"]
[White "Sanguinetti, Edoardo"]
[Black "Capaliku, Aleks"]
[Result "0-1"]
[WhiteElo "1986"]
[BlackElo "2137"]
[PlyCount "70"]
[EventDate "2013.01.02"]
[EventType "swiss"]
[EventRounds "9"]
[EventCountry "ITA"]
[SourceTitle "EXT 2015"]
[Source "ChessBase"]
[SourceDate "2014.11.20"]
[SourceVersion "1"]
[SourceVersionDate "2014.11.20"]
[SourceQuality "1"]

1. e4 c5 2. Nc3 Nc6 3. g3 Nf6 4. Bg2 d6 5. d3 h6 6. f4 Bg4 7. Nf3 Nd4 8. h3 Bd7 9. Be3 Qb6 10. Rb1 e5 11. 0-0 Bc6 12. fxe5 Nxf3+ 13. Qxf3 dxe5 14. Nd5 Bxd5 15. exd5 Bd6 16. c4 Qc7 17. Rbe1 0-0-0 18. g4 Rdf8 19. Rc1 b6 20. a4 a5 21. Bd2 Ne8 22. Bc3 g6 23. Qe4 Qe7 24. Rce1 Nf6 25. Qe2 Nd7 26. Be4 h5 27. Bd2 hxg4 28. hxg4 f5 29. Bg2 Qh4 30. Rf2 e4 31. dxe4 Bh2+ 32. Kf1 fxe4 33. Qe3 Rxf2+ 34. Qxf2 Rf8 35. Qxf8+ Nxf8 0-1